Visualizzazione normale
Vista MARC
- Stewart S.
di Personal Name
Records bibliografici associati: 1
001 - CONTROL NUMBER
- control field: 26751
003 - CONTROL NUMBER IDENTIFIER
- control field: IT-RoPau
005 - DATE AND TIME OF LATEST TRANSACTION
- control field: 20140524214449.0
008 - FIXED-LENGTH DATA ELEMENTS
- fixed length control field: 140524|| aca||aabn | a|a d
040 ## - CATALOGING SOURCE
- Original cataloging agency: IT-RoPau
- Transcribing agency: IT-RoPau
100 ## - HEADING--PERSONAL NAME
- Personal name: Stewart S.
- Miscellaneous information: Codice autore SPICS: 31074
- Relator term: Autore
- Name of part/section of a work: Falling Like Rain
670 ## - SOURCE DATA FOUND
- Source citation: Work cat.: (IT-RoPau)99968: AA.VV. 794, Foreign Affair